000 01022nam a2200313 i 4500
003 EG-GICUC
005 20260413212522.0
008 260413s1900 Fr |||fr|||| 00| 0 fre d
040 _aEG-GiCUC
_bfre
_cEG-GiCUC
_dEG-GiCUC
_erda
082 0 4 _221
_a343.1
_bDI
092 0 4 _221
099 _aLaw1 10 343.1 DI 1900
245 0 0 _aDictionnaire Pratique De Droit /
_cPublié Sous La Direction De Mм Gaston Griolet, Charles Verge.
250 _aOnzième Édition
264 1 _aParis :
_bLibrairie Dalloz,
_c1900.
300 _a805 - 1626 pages ;
_c24 cm.
336 _2rda content
_atext
337 _2rda media
_aComputer
338 _2rda carrier
_aOnline Resource
546 _aText in English
650 1 _aDroit Pénal Général
_2qrmak
650 1 _aDroit De Pénal
_2qrmak
651 1 _2qrmak
700 1 _aGriolet,Gaston
_eDirecteur de thèse
700 1 _aVerge, Charles
_eCo-directeur de thèse
856 4 0 _uhttps://fll.law.cu.edu.eg/fulltext/bks/B10-09314.pdf
905 _a54
942 _2ddc
_cBK
_e21
_n0
999 _c70702
_d70702